000 00260nam a2200121Ia 4500
100 _a#N/A
650 _aComputer/ IT
942 _cBK
654 _adesktop
245 _aFree Desktop Oriented OS with easy package manager
260 _b#N/A
546 _aENGLISH
999 _c19532
_d19532